| 000 | 00643nam a2200217Ia 4500 | ||
|---|---|---|---|
| 001 | 1398 | ||
| 003 | GE_BSU | ||
| 008 | 181216s||||||||xx |||||||||||||| ||und|| | ||
| 040 | _cGE_BSU | ||
| 080 | _a681.3(075.8) | ||
| 100 | _aСавельев,А.Я. и др. | ||
| 245 | _aЭлектронные вычислительные машины | ||
| 245 | _bВведение в ЭВМ. | ||
| 245 | _cПод ред.А.Я.Савельева | ||
| 260 | _aМосква | ||
| 260 | _bВысшая школа | ||
| 260 | _c1991 | ||
| 300 | _a160стр. | ||
| 653 | _aЭлектронные вычислительные машины | ||
| 942 | _cBK | ||
| 999 |
_c35537 _d35537 |
||